Типовые сечения горных выработок: [альбом]

Dettagli Bibliografici
Ente Autore: Госплан УССР
Altri autori: Дугин Е. В. (редактор)
Lingua:russo
Pubblicazione: Москва, Госгортехиздат, 1960
Natura: MixedMaterials Libro
KOHA link:https://koha.lib.tpu.ru/cgi-bin/koha/opac-detail.pl?biblionumber=331495

MARC

LEADER 00000nam1a2200000 4500
001 331495
005 20231102004349.0
035 |a (RuTPU)RU\TPU\book\357322 
090 |a 331495 
100 |a 20170426d1960 km y0rusy50 ca 
101 0 |a rus 
102 |a RU 
200 1 |a Типовые сечения горных выработок  |e [альбом]  |f Госплан УССР ; отв. ред. Е. В. Дугин 
210 |a Москва  |c Госгортехиздат  |d 1960 
702 1 |a Дугин  |b Е. В.  |4 340 
712 0 2 |a Госплан УССР  |2 stltpush  |3 (RuTPU)RU\TPU\col\8806  |9 24602 
801 1 |a RU  |b 63413507  |c 20170426 
801 2 |a RU  |b 63413507  |c 20170426  |g RCR 
942 |c BK